000 00560cam a22002053a 4500
001 39261
003 PGUSA
005 20140828083855.0
008 120325s2012||||xxu|||||s|||||000 | eng d
040 _aPGUSA
_beng
042 _adc
100 1 _aLehtonen, Joel,
_d1881-1934
245 1 0 _aPutkinotko
_h[electronic resource] /
_cJoel Lehtonen
260 _bProject Gutenberg,
_c2012
506 _aPublic domain in the USA.
516 _aElectronic text
830 0 _aProject Gutenberg
_v39261
856 4 0 _uhttp://www.gutenberg.org/ebooks/39261
942 _cEB
999 _c268514
_d268514